Online
Catalog

Razas europeas de ganado bovino / (Record no. 4195)

MARC details
000 -CABECERA
campo de control de longitud fija 00942nam a2200253 a 4500
001 - NÚMERO DE CONTROL
campo de control 000004386
005 - FECHA Y HORA DE LA ÚLTIMA TRANSACCIÓN
campo de control 20200929151432.0
008 - DATOS DE LONGITUD FIJA--INFORMACIÓN GENERAL
campo de control de longitud fija 810608s1975 it ab 000 0 spa
040 ## - FUENTE DE LA CATALOGACIÓN
Centro catalogador/agencia de origen DO-SdBNP
Lengua de catalogación spa
Centro/agencia transcriptor BNPHU
082 ## - NÚMERO DE LA CLASIFICACIÓN DECIMAL DEWEY
Número de clasificación 636.4
Número de documento/Ítem F873r
100 1# - ENTRADA PRINCIPAL--NOMBRE DE PERSONA
Nombre de persona French, M. H.
9 (RLIN) 12909
245 10 - MENCIÓN DE TÍTULO
Título Razas europeas de ganado bovino /
Mención de responsabilidad, etc. M. H. French ; colaborador, I. Johansson, N. R. Joshi, E. A. Mc Laughlin.
260 ## - PUBLICACIÓN, DISTRIBUCIÓN, ETC.
Lugar de publicación, distribución, etc. Roma :
Nombre del editor, distribuidor, etc. Organización de las Naciones Unidas para la Agricultura y la Alimentación,
Fecha de publicación, distribución, etc. 1975.
300 ## - DESCRIPCIÓN FÍSICA
Extensión v. :
Otras características físicas il., tablas ;
Dimensiones 23 cm.
490 1# - MENCIÓN DE SERIE
Mención de serie FAO. Estudios agropecuarios
Designación de volumen o secuencia no. 67
500 ## - NOTA GENERAL
Nota general Estudios agropecuarios
650 #4 - PUNTO DE ACCESO ADICIONAL DE MATERIA--TÉRMINO DE MATERIA
Término de materia o nombre geográfico como elemento de entrada Razas de ganado vacuno
Subdivisión geográfica Europa
9 (RLIN) 12910
650 #4 - PUNTO DE ACCESO ADICIONAL DE MATERIA--TÉRMINO DE MATERIA
Término de materia o nombre geográfico como elemento de entrada Cría de ganado vacuno
9 (RLIN) 2466
650 #4 - PUNTO DE ACCESO ADICIONAL DE MATERIA--TÉRMINO DE MATERIA
Término de materia o nombre geográfico como elemento de entrada Bovinos
Subdivisión geográfica Europa
9 (RLIN) 12911
700 1# - PUNTO DE ACCESO ADICIONAL--NOMBRE DE PERSONA
Nombre de persona Johansson, I.
9 (RLIN) 12912
700 1# - PUNTO DE ACCESO ADICIONAL--NOMBRE DE PERSONA
Nombre de persona Joshi, N. R.
9 (RLIN) 12913
700 1# - PUNTO DE ACCESO ADICIONAL--NOMBRE DE PERSONA
Nombre de persona Laughlin, E. A. Mc.
9 (RLIN) 12914
830 #0 - PUNTO DE ACCESO ADICIONAL DE SERIE-TÍTULO UNIFORME
Título uniforme FAO. Estudios agropecuarios;
Designación de volumen o secuencia no. 67
9 (RLIN) 12915
Holdings
Estado de retiro Estado de pérdida Restricciones de uso No para préstamo Código de colección Localización permanente Ubicación/localización actual Ubicación en estantería Fecha de adquisición Número de inventario Total de préstamos Signatura topográfica completa Código de barras Fecha visto por última vez Precio válido a partir de Tipo de ítem Koha
    Préstamo interno   Monografías: Libros y Folletos General General En catalogación 21.07.2009 LF1   636.4 F873r 4386-10 25.06.2020 25.06.2020 Préstamo interno
        Monografías: Libros y Folletos Patrimonio Dominicano Patrimonio Dominicano Orden iniciada 03.04.2017 LF1   636.4 F873r 4386-20 25.06.2020 25.06.2020 No se presta
        Monografías: Libros y Folletos Patrimonio Dominicano Patrimonio Dominicano Orden iniciada 03.04.2017 LF1   636.4 F873r 4386-30 25.06.2020 25.06.2020 No se presta

Powered by Koha